000
00339nam a2200133Ia 4500
008
240624s9999 xx 000 0 und d
041
_a
eng
082
_a
828 ABB
100
_a
ABBAS HASSAN
245
_a
PAKISTAN S NUCLEAR BOMB A STORY OF DEFIA
260
_c
2018
_a
New Delhi
_b
Penguin
300
_a
x, 341 p.; 23 cm.
365
_c
RS
_b
28.5
999
_c
30325
_d
30325